Շողակաթ տարեգիրք … : (Record no. 162299)
[ view plain ]
| 000 -LEADER | |
|---|---|
| fixed length control field | 00935nam a2200205 a 4500 |
| 001 - CONTROL NUMBER | |
| control field | 000430011 |
| 003 - CONTROL NUMBER IDENTIFIER | |
| control field | AM-YeHGA |
| 005 - DATE AND TIME OF LATEST TRANSACTION | |
| control field | 20250618072447.0 |
| 008 - FIXED-LENGTH DATA ELEMENTS--GENERAL INFORMATION | |
| fixed length control field | 050512s1970 ai ||| |||||||||||||arm|c |
| 040 ## - CATALOGING SOURCE | |
| Original cataloging agency | AM-YeHGA |
| 041 0# - LANGUAGE CODE | |
| Language code of text/sound track or separate title | arm |
| 090 ## - LOCALLY ASSIGNED LC-TYPE CALL NUMBER (OCLC); LOCAL CALL NUMBER (RLIN) | |
| -- | 163710 |
| 245 00 - TITLE STATEMENT | |
| Title | Շողակաթ տարեգիրք … : |
| Remainder of title | Ս. Խաչ դպրեւանուց պատրիարքութեան հայոց Թուրքիոյ : Կրօնա-բարոյական գրական եւ պատմա-բանասիրական. |
| 246 11 - VARYING FORM OF TITLE | |
| Title proper/short title | Shogagat |
| 260 ## - PUBLICATION, DISTRIBUTION, ETC. | |
| Place of publication, distribution, etc. | Իսթանպուլ : |
| Name of publisher, distributor, etc. | Ա. հ., |
| Date of publication, distribution, etc. | 1970. |
| 300 ## - PHYSICAL DESCRIPTION | |
| Extent | Տարեգիրք ; |
| Dimensions | 27 սմ. |
| 500 ## - GENERAL NOTE | |
| General note | Սյունակագիր |
| 505 10 - FORMATTED CONTENTS NOTE | |
| Miscellaneous information | Տարեգիրք 1970 (1970, 80 էջ, դիմանկ., նկ.) |
| -- | Տարեգիրք 1971-72 (1973, 109 էջ) |
| -- | Տարեգիրք 1973 (1974, 95 էջ, աղյս.) |
| -- | Տարեգիրք 1974-1976 (1975, 190 էջ) |
| -- | Տարեգիրք 1978 (1977, 110 էջ) |
| 650 14 - SUBJECT ADDED ENTRY--TOPICAL TERM | |
| Topical term or geographic name entry element | Տարեգիրք |
| 9 (RLIN) | 4408 |
| Withdrawn status | Lost status | Damaged status | Not for loan | Collection | Home library | Current library | Date acquired | Serial enumeration / chronology | Total checkouts | Full call number | Barcode | Date last seen | Price effective from | Koha item type | Public note |
|---|---|---|---|---|---|---|---|---|---|---|---|---|---|---|---|
| General | Fundamental Scientific Library | Fundamental Scientific Library | 28/12/2016 | 1970 | AIII/3970 | FL0070182 | 28/12/2016 | 28/12/2016 | Գրքեր / Books | 30 Days Loan | |||||
| General | Fundamental Scientific Library | Fundamental Scientific Library | 28/12/2016 | 1970 | AIII/3971 | FL0070183 | 28/12/2016 | 28/12/2016 | Գրքեր / Books | 30 Days Loan | |||||
| General | Fundamental Scientific Library | Fundamental Scientific Library | 28/12/2016 | 1970 | AIII/3972 | FL0070184 | 28/12/2016 | 28/12/2016 | Գրքեր / Books | 30 Days Loan | |||||
| General | Fundamental Scientific Library | Fundamental Scientific Library | 28/12/2016 | 1970 | AIII/3973 | FL0070185 | 28/12/2016 | 28/12/2016 | Գրքեր / Books | 30 Days Loan | |||||
| General | Fundamental Scientific Library | Fundamental Scientific Library | 28/12/2016 | 1970 | AIII/3974 | FL0070186 | 28/12/2016 | 28/12/2016 | Գրքեր / Books | 30 Days Loan | |||||
| General | Fundamental Scientific Library | Fundamental Scientific Library | 28/12/2016 | 1974-75 | AIII/6245 | FL0076699 | 28/12/2016 | 28/12/2016 | Գրքեր / Books | 30 Days Loan | |||||
| General | Fundamental Scientific Library | Fundamental Scientific Library | 28/12/2016 | 1977 | AIII/6293 | FL0076776 | 28/12/2016 | 28/12/2016 | Գրքեր / Books | 30 Days Loan |
ՀՀ Գիտությունների ազգային ակադեմիայի հիմնարար գիտական գրադարան = Fundamental Scientific Library of NAS RA
All site content, except where otherwise noted, is licensed under a